Departamentos de Colombia por Población - Estadísticas

Estadísticas generales
  • Esta prueba ha sido intentada 42 veces
  • La puntuación promedio es 23 de 33
Estadísticas de respuestas
Población Departamento % Correcto
6' 951.825 A Antioquia
100%
4' 652.512 V Valle del Cauca
97%
7' 937.898 B Bogotá, D.C.
94%
2' 278.770 B Bolívar
91%
3' 657.407 C Cundinamarca
91%
2' 393.214 S Santander
91%
2' 845.169 A Atlántico
88%
1' 160.351 M Meta
78%
1' 529.038 M Magdalena
75%
1' 590.171 C Cauca
72%
1' 205.318 H Huila
72%
1' 719.281 N Nariño
72%
1' 717.992 N Norte de Santander
72%
1' 386.826 T Tolima
72%
1' 929.336 C Córdoba
69%
1' 016.826 S Sucre
69%
1' 324.122 B Boyacá
66%
1' 414.859 C Cesar
66%
1' 073.851 L/G La Guajira
66%
568.560 Q Quindío
66%
974.639 R Risaralda
66%
62.181 S San Andrés, Providencia y Santa Catalina
66%
49.142 V Vaupés
66%
87.480 A Amazonas
63%
59.240 G Guainía
63%
1' 051.282 C Caldas
59%
615.082 C Chocó
59%
320.723 A Arauca
56%
481.938 C Casanare
53%
103.237 G Guaviare
53%
393.988 P Putumayo
53%
127.467 V Vichada
53%
430.884 C Caquetá
44%
No se encontraron pruebas coincidentes
Distribución de puntuación
Porcentaje de gente con cada puntuación
Porcentaje por número respondido
Historial de tus puntuaciones
No has intentado esta prueba.